| 000 | 00583nam a2200217Ia 4500 | ||
|---|---|---|---|
| 005 | 20250326144500.0 | ||
| 008 | 250326s9999 xx 000 0 und d | ||
| 020 | _a978-0-8213-7386-6 | ||
| 037 | _aTextbook | ||
| 040 |
_aFMSL _beng _cFMSL |
||
| 041 |
_aeng _2eng |
||
| 084 |
_aX:89ZB.1 P8 _qFMSL |
||
| 100 | _aWorld Bank | ||
| 245 | 0 |
_aWorld development indicators _cWorld Bank |
|
| 260 |
_aWashington _bWashington, World Bank _c2008 |
||
| 300 | _a418p | ||
| 365 | _b3790.5 | ||
| 650 | _aDevelopment | ||
| 942 |
_cTB _hX:89ZB.1 P8 |
||
| 999 |
_c1303869 _d1303869 |
||